Materials, analysis, structural design and applications of textile reinforced concrete/fabric reinforced cementitious matrix : held at the Concrete Convention and Exposition - Fall 2019, Cincinnati, Ohio, USA, 20-24 October 2019 /

Bibliographic Details
Corporate Author: American Concrete Institute. Fall Convention
Other Authors: Mobasher, Barzin (Editor), De Andrade Silva, Flávio (Editor)
Format: Book
Language:English
Published: Farmington Hills, MI : American Concrete Institute, 2021.
Series:Publication SP ; 345.
Subjects:

MARC

Tag First Indicator Second Indicator Subfields
LEADER 00000cam a2200000Ii 4500
001 in00004366608
005 20210826163704.0
008 210708t20212021miua b 100 0 eng d
035 |a (OCoLC)on1263025326 
040 |a Q2U  |b eng  |e rda  |c Q2U  |d OCLCO  |d CPV  |d OCLCO  |d CPV  |d OCLCO  |d TXA 
020 |a 9781713825272  |q (pbk) 
020 |a 1713825279  |q (pbk) 
035 |a (OCoLC)1263025326 
050 4 |a TA444  |b .M38 2019 
049 |a TXAM 
245 0 0 |a Materials, analysis, structural design and applications of textile reinforced concrete/fabric reinforced cementitious matrix :  |b held at the Concrete Convention and Exposition - Fall 2019, Cincinnati, Ohio, USA, 20-24 October 2019 /  |c editors, Barzin Mobasher, Flavio de Andrade Silva. 
264 1 |a Farmington Hills, MI :  |b American Concrete Institute,  |c 2021. 
264 3 |a Red Hook, N.Y. :  |b Curran Associates, Inc.,  |c 2021. 
264 4 |c ©2021 
300 |a 257 pages :  |b illustrations ;  |c 27 cm. 
336 |a text  |b txt  |2 rdacontent 
337 |a unmediated  |b n  |2 rdamedia 
338 |a volume  |b nc  |2 rdacarrier 
490 1 |a ACI SP ;  |v 345 
500 |a "Printed from e-media with permission." 
500 |a Sponsored by ACI Committee 549, Rilem-MCC. 
500 |a The Concrete Convention and Exposition October 20-24, 2019 Cincinnati, OH, USA. 
504 |a Includes bibliographical references. 
650 0 |a Reinforced concrete  |v Congresses. 
650 0 |a Fibrous composites  |v Congresses. 
650 0 |a Building materials  |v Congresses. 
700 1 |a Mobasher, Barzin,  |e editor. 
700 1 |a De Andrade Silva, Flávio,  |e editor. 
710 2 |a American Concrete Institute.  |b Fall Convention  |d (2019 :  |c Cincinnati, Ohio) 
710 2 |a ACI Committee 549, Ferrocement,  |e sponsor. 
710 2 |a Relim Technical Committee 292-MCC,  |e sponsor. 
710 2 |a American Concrete Institute,  |e issuing body. 
830 0 |a Publication SP ;  |v 345. 
994 |a C0  |b TXA 
948 |a cataloged  |b h  |c 2021/8/26  |d c  |e zliu  |f 4:36:57 pm 
999 f f |s 9bde2892-0e02-3516-9a05-12ccb6d56fc5  |i 37237503-a990-37fd-bd26-d58cf4e8d709  |t 0 
952 f f |p normal  |a Texas A&M University  |b College Station  |c Sterling C. Evans Library  |d Evans: Library Stacks  |t 0  |e TA444 .M38 2019  |h Library of Congress classification  |i unmediated -- volume  |m A14851232521 
998 f f |a TA444 .M38 2019  |t 0  |l Evans: Library Stacks